| 000 | 01719ncm0a2200409 4500 | ||
|---|---|---|---|
| 001 | RU\NLR\ONIZ\212678 | ||
| 005 | 20250624195750.0 | ||
| 010 | _z5-295-03901-1 | ||
| 010 | _a5-295-03900-5 | ||
| 021 |
_aRU _b07-2 _907-1 |
||
| 035 | _aRU\NLR\ONIZ\GALA\5000025461\20150921174542 | ||
| 035 | _a(NLR Aleph) 010892190 | ||
| 090 |
_a10560326 _c10560326 |
||
| 100 | _a20150921d2006 |||y0rusy50 ca | ||
| 101 | 0 | _arus | |
| 102 | _aRU | ||
| 125 | _aax | ||
| 200 | 1 |
_aФортепианные сочинения _bНоты _hТ. 1 _fЛ. Исмагилова _gпредисл. Н. Ф. Гариповой |
|
| 210 |
_aУфа _cКитап _d2006 |
||
| 215 |
_a160 с. _cпортр. _d30 см |
||
| 300 | _aПарал. рус., англ. | ||
| 327 | 1 | _a1. Вариации; 2. Пассакалья и Фуга; 3. Две концертные пьесы: (Недопетая песня, Праздничная); 4. Соната; 5. Концерт: для фп. с орк. / перелож. для 2 фп | |
| 606 | 1 |
_aПроизведения для фортепиано _yБашкортостан _z20-21 вв. _jНоты _2nlr_sh |
|
| 686 |
_aЩ954.2я44(2Р=Баш) _vLBC/SL _2rubbk |
||
| 700 | 1 |
_9z04790 _aИсмагилова _bЛ. З. _f1946- _gЛейла Загировна _4230 |
|
| 702 | 1 |
_9z02790 _aГарипова _bН. Ф. _4080 |
|
| 790 | 1 |
_9z02702 _aGaripova _bN. _4080 |
|
| 790 | 1 |
_9z04700 _aIsmagilova _bL. _f1946- _gLejla _4230 |
|
| 801 | 0 |
_aRU _bNLR _c20150921 _gPSBO |
|
| 801 | 1 |
_aRU _bNLR _c20150921 _2rusmarc |
|
| 801 | 2 |
_aRU _bNLR _c20190630 |
|
| 852 |
_aNLR _bМ _j3/11224(1) _pМОЭ 2007-1/2 _t1 |
||
| 852 |
_aNLR _bМ _j3/11224(1)а _pМОЭ 2007-1/2а _t2 |
||
| 942 | _cSCORE | ||
| 980 | _aNB | ||
| 980 | _aONIZ | ||